Evolution, time and space : (Record no. 11900)

MARC details
000 -LEADER
fixed length control field 01306cam a2200313 i 4500
001 - CONTROL NUMBER
control field 3280326
003 - CONTROL NUMBER IDENTIFIER
control field EG-ScBUE
005 - DATE AND TIME OF LATEST TRANSACTION
control field 20260421103247.0
008 - FIXED-LENGTH DATA ELEMENTS--GENERAL INFORMATION
fixed length control field 821008t1983 enka f b 100 0 eng d
020 ## - INTERNATIONAL STANDARD BOOK NUMBER
Cancelled/invalid ISBN 0126445508
040 ## - CATALOGING SOURCE
Original cataloging agency DLC
Language of cataloging eng
Description conventions rda
Transcribing agency DLC
Modifying agency DLC
-- EG-ScBUE
082 04 - DEWEY DECIMAL CLASSIFICATION NUMBER
Classification number 574.9
Item number EVO
Edition number 22
245 00 - TITLE STATEMENT
Title Evolution, time and space :
Remainder of title the emergence of the biosphere /
Statement of responsibility, etc edited by R. W. Sims, J. H. Price, P. E. S. Whalley.
264 #1 - PUBLICATION, DISTRIBUTION, ETC. (IMPRINT)
Place of publication, distribution, etc London :
Name of publisher, distributor, etc The Systematics Association by Academic Press,
Date of publication, distribution, etc [1983]
264 #4 - PUBLICATION, DISTRIBUTION, ETC. (IMPRINT)
Date of publication, distribution, etc c1983
300 ## - PHYSICAL DESCRIPTION
Extent xiii, 492 pages :
Other physical details illustrations ;
Dimensions 24 cm.
336 ## - CONTENT TYPE
Source rdacontent
Content type term text
Content type code txt
337 ## - MEDIA TYPE
Media type term unmediated
Source rdamedia
Media type code n
338 ## - CARRIER TYPE
Carrier type term volume
Carrier type code nc
Source rdacarrier
490 0# - SERIES STATEMENT
Series statement The Systematics Association ;
Volume number/sequential designation volume 23
500 ## - GENERAL NOTE
General note "Proceedings of a symposium on biogeography organized with the British Museum (Natural History), London 6-10 April 1981, on the occasion of the centenary of the museum"--P. facing t.p.
504 ## - BIBLIOGRAPHY, ETC. NOTE
Bibliography, etc Includes bibliographical references.
650 #7 - SUBJECT ADDED ENTRY--TOPICAL TERM
Topical term or geographic name as entry element Biogeography
General subdivision Congresses.
Source of heading or term BUEsh
9 (RLIN) 6466
655 ## - INDEX TERM--GENRE/FORM
Form subdivision Reading book
700 1# - ADDED ENTRY--PERSONAL NAME
Personal name Sims, R. W.
Fuller form of name (Reginald William),
Dates associated with a name 1926-
Relator term editor.
9 (RLIN) 6467
700 1# - ADDED ENTRY--PERSONAL NAME
Personal name Price, J. H.
Fuller form of name (James Henry)
Relator term editor.
9 (RLIN) 6468
700 1# - ADDED ENTRY--PERSONAL NAME
Personal name Whalley, Paul Ernest Sutton.
Relator term editor.
9 (RLIN) 6469
942 ## - ADDED ENTRY ELEMENTS (KOHA)
Source of classification or shelving scheme Dewey Decimal Classification
Koha item type Book - Borrowing
Holdings
Withdrawn status Lost status Source of classification or shelving scheme Damaged status Not for loan Collection code Home library Current library Shelving location Date acquired Source of acquisition Cost, normal purchase price Total Checkouts Full call number Barcode Date last seen Price effective from Koha item type
    Dewey Decimal Classification     Alef-Baa Central Library Central Library First floor 21/06/2009   150.00   574.9 EVO 000016844 15/07/2025 21/06/2009 Book - Borrowing